00325nam a2200133Ia 4500008004100000020001800041082001700059100001800076245004100094250001300135260002700148300000800175650000800183191201s2009 xx 000 0 und d a9788177584752 a004.678bHAC aHalsall, Fred 0aComputer Networking and the internet a2nd IMP. aN.Delhibpearsonc2009 a678 aMCA